| 000 | 00500nam a2200169 i 4500 | ||
|---|---|---|---|
| 001 | 68003 | ||
| 003 | ES-MaACL | ||
| 005 | 20230906170203.0 | ||
| 007 | t| | ||
| 008 | 040217s1979 sp ||||1| spa d | ||
| 100 | 1 |
_aGambra, Rafael. _953775 |
|
| 245 | 1 | 0 |
_aMelchor Ferrer y la "Historia del tradicionalismo español" / _cRafael Gambra. |
| 260 |
_aSevilla : _bEditorial Católica, _c1979. |
||
| 300 |
_a4 h. ; _c22 cm. |
||
| 600 | 0 | 4 |
_aFerrer, Melchor. _950431 |
| 852 |
_aES-MaACL _j2110-F-18 _bR.99500 |
||
| 999 |
_c68003 _d68003 |
||